| 000 | 01748nab a2200253 a 4500 | ||
|---|---|---|---|
| 005 | 20210219162214.0 | ||
| 008 | 991125s1985 mx 000 0 spa u | ||
| 035 | _aUPN01000199908 | ||
| 049 | _aART | ||
| 100 | 1 | _aGonzález Monteagudo, José | |
| 100 | 1 | _umonteagu@us.es | |
| 100 | 1 | _aOchoa Palomo, Carmen | |
| 100 | 1 | _upezklee@gmail.com | |
| 222 | _aREVISTA MEXICANA DE INVESTIGACION EDUCATIVA | ||
| 245 | _aEl giro narrativo en España : investigación y formación con enfoques auto/biográficos | ||
| 300 | _a809-829 | ||
| 362 | 0 | _a2014 Vol. 19, no. 62 (3), jul.-sept. | |
| 520 | _aEste artículo ofrece una introducción sobre el origen, desarrollo y momento actual de los enfoques autobiográficos, narrativos y de historias de vida en España. Parti- mos del contexto histórico reciente, caracterizado por la influencia de la dictadura del general Franco en la investigación y en la formación. Discutimos el proceso de institucionalización de los enfoques biográficos en España, considerando el desarrollo en la sociología, la antropología, la historia oral y los ámbitos educativos formales e informales. Prestamos especial atención a la influencia del contexto globalizado actual sobre las contribuciones españolas y el ecosistema de investigación y formación de nuestro país. Posteriormente, resumimos nuestra manera de trabajar la autobio- grafía en contextos formativos y de desarrollo personal, mediante la construcción de árboles genealógicos. Finalmente, concluimos con algunos debates recientes, proyectando la mirada hacia el futuro | ||
| 653 | 0 | _aAUTOBIOGRAFIA | |
| 653 | 0 | _aNARRATIVA | |
| 653 | 0 | _aESPAÑA | |
| 856 | 4 | _uhttp://www.redalyc.org/articulo.oa?id=14031461008 | |
| 905 | _aArticulo | ||
| 999 |
_c172009 _d172009 |
||